000 00970nam a22002297 4500
999 _c1056
_d1056
003 AR-BaISA
005 20230314151340.0
007 ta
008 220825s1999 ag ad||| |||| 000 0 spa d
020 _a9789879138540
040 _bspa
_cAR-BaISA
082 0 4 _222
_a658.403 2 Al37
100 1 _92458
_aAlgier, Guillermo Raúl
245 1 0 _aHerramientas de gestión:
_bcómo construir un tablero de comando /
_cGuillermo Raúl Algier
260 _aBuenos Aires:
_bAplicación tributaria,
_c1999
300 _a205 p.:
_bil., gráfs., tablas
504 _aBibliografía p.: 203-205.
505 _tHerramientas de gestión --
_tInformación contable-financiera --
_tInformación contable-financiera y de marketing para la toma de decisiones --
_tMarketing --
_tTablero de comando --
_tDecisiones de marketing --
_tAuditoría
_tOtras herramientas de gestión
650 1 0 _9581
_aPlanificación estratégica
650 1 0 _aAdministración de empresas
_92136
942 _2ddc
_cLI
_e22